000 00605nam a2200181Ia 4500
008 100920s9999 xx 000 0 und d
082 _b97404
_a891.43 न 05
100 _aआंबेडकर बी. आर.
245 _aअछुत कौन और कैसे.
260 _bगौतम बुक सेंटर , दिल्ली.
_c2005
300 _a128
_bसाधी
365 _b100
520 _aहिंदी.
630 _aअछुत कौन और कैसे.
650 _aहिंदी.
730 _aअछुत कौन और कैसे.
942 _cBOOK
999 _c737843
_d737840